000 00492nam a2200181Ia 4500
008 090124s9999 xx 000 0 und d
082 _b124546
100 _aमंगेशकर गीता
245 _a जीवनचक्र
250 _a1
260 _c1986
300 _a254
600 _aमंगेशकर गीता
630 _a जीवनचक्र
700 _aमंगेशकर गीता
730 _a जीवनचक्र
942 _cBOOK
999 _c170633
_d170633